El Salvador: Central America in the new cold war

Saved in:
Bibliografiske detaljer
Main Authors: Gettleman, Marvin E (Author), Lacefield, Patrick (Author), Manache, Louis (Author), Mermelstein, David (Author), Radoch, Ronald (Author)
Format: Bog
Sprog:engelsk
Udgivet: Nueva York Grove 1981
Fag:
Tags: Tilføj Tag
Ingen Tags, Vær først til at tagge denne postø!

MARC

LEADER 00000nam a2200000 a 4500
001 UCO7595
003 CL-VaPUC
008 001117e19810000US |||||||||||||||||eng|d
082 0 4 |a 972.84052  |b GET  |2 21 
100 |a Gettleman, Marvin E  |e author  |9 452145 
700 0 |a Lacefield, Patrick  |e author  |9 452146 
700 0 |a Manache, Louis  |e author  |9 452147 
700 0 |a Mermelstein, David  |e author  |9 452148 
700 0 |a Radoch, Ronald  |e author  |9 452149 
245 1 0 |a El Salvador: Central America in the new cold war 
300 |a 397 p 
942 |c BK 
945 |d 20001117 00:00:00  |a crobeson 
260 |a Nueva York  |b Grove  |c 1981 
500 |a Donación del profesor Manfred Wilhelmy von Wolff 
650 7 |a HISTORIA DE EL SALVADOR  |2 CL-VaPUC  |9 452150 
650 0 |a Política y gobierno  |9 255151 
650 0 |a Comunismo  |9 255588 
650 0 |a Relaciones Internacionales  |9 255740 
650 0 |a Discursos políticos  |9 373524 
651 7 |a EL SALVADOR  |2 CL-VaPUC  |9 257726 
651 0 |a Estados Unidos  |9 255178 
583 |a last modification  |c 20001117 00:00:00  |k Rodrigo Vera 
999 |c 292485  |d 292483 
952 |0 0  |1 0  |4 0  |6 972_840520000000000_GET_1981  |7 0  |8 A  |9 343401  |a BIBHIS  |b BIBHIS  |d 2019-11-20  |i 1228730  |o 972.84052 GET 1981  |p 1228730  |r 2025-01-20  |w 2019-11-20  |y BK  |k HIS